00360 2200157 4500245003200000020002200032250001100054100001400065650001600079005001900095260003000114041001400144084000800158300002700166336000900193 aMatt & MoucWulanfadihText a978-979-780-872-3 aCet. 1 aWulanfadi aNovel Fiksi a20230113082747 aJakartabGagasMediac2016 aIndonesia a813 aiv, 344 hlm. :c20 cm. atext